000
00278nam a2200121Ia 4500
005
20251222143121.0
008
251222s9999||||xx |||||||||||||| ||spa||
082
_a
278/B18
100
_a
Ballán, Romeo
245
0
_a
El valor de salir:
264
_b
Sin Fronteras
942
_c
LIB
999
_c
11549
_d
11549